000 00282nam a2200145Ia 4500
100 _aQue Dev group
942 _cBK
654 _aMS-DOS
245 _aUsing MS-DOS 5
260 _bQUE
_aCarmel
_c1991
082 _a5.133
_bQUE
300 _a728
546 _aENGLISH
999 _c19750
_d19750